| Tag |
First Indicator |
Second Indicator |
Subfields |
| LEADER |
00000cam a2200000 a 4500 |
| 001 |
in00000019888 |
| 005 |
20220103134442.0 |
| 007 |
cr unu a |
| 008 |
880707s1986 xx a b 00010 eng d |
| 035 |
|
|
|9 AAB2718AM
|
| 035 |
|
|
|a (OCoLC)18184385
|
| 040 |
|
|
|a TXA
|c TXA
|d UtOrBLW
|
| 043 |
|
|
|a f-ke---
|
| 049 |
|
|
|a TXAZ [Also in] [Archives]
|c 1 [A09508670], 2 [A09508688]
|
| 099 |
|
|
|a 1986
|a Thesis
|a K58
|
| 100 |
1 |
|
|a Kiriro, Philip Macharia Muthami,
|d 1950-
|
| 245 |
1 |
0 |
|a Estimate of genetic and phenotypic parameters for the Dorper, Red Masai and their crosses in Naivasha (OL'Magogo), Kenya /
|c by Philip Macharia Muthami Kiriro.
|
| 264 |
|
1 |
|a [Place of publication not identified] :
|b [publisher not identified] ;
|c 1986.
|
| 300 |
|
|
|a xii, 83 leaves :
|b illustrations ;
|c 29 cm.
|
| 336 |
|
|
|a text
|b txt
|2 rdacontent
|
| 337 |
|
|
|a computer
|b c
|2 rdamedia
|
| 338 |
|
|
|a online resource
|b cr
|2 rdacarrier
|
| 500 |
|
|
|a "Major subject: Animal Science."
|
| 500 |
|
|
|a Typescript (photocopy).
|
| 500 |
|
|
|a Vita.
|
| 502 |
|
|
|b M.S.
|c Texas A&M University
|d 1986.
|
| 504 |
|
|
|a Bibliography: leaves 75-82.
|
| 530 |
|
|
|a Also available online.
|
| 650 |
|
0 |
|a Sheep
|x Breeding
|z Kenya.
|
| 650 |
|
0 |
|a Sheep
|z Kenya
|x Genetics.
|
| 650 |
|
4 |
|a Major animal science.
|
| 856 |
4 |
1 |
|u https://hdl.handle.net/1969.1/ETD-TAMU-1986-THESIS-K58
|z Link to OAKTrust copy
|t 0
|
| 999 |
|
|
|a MARS
|
| 999 |
f |
f |
|s c7fc1d87-8274-33c0-b2cc-bfbe42f0c19c
|i e7a6919c-182c-3334-b3ca-3c2cd5d058c0
|t 0
|
| 952 |
f |
f |
|p noncirc
|a Texas A&M University
|b J.J. Pickle Campus
|c High Density Repository
|s HDR
|d Remote Storage
|t 0
|e 1986 Thesis K58
|h Other scheme
|i computer -- online resource
|m A14839616796
|
| 952 |
f |
f |
|a Texas A&M University
|b College Station
|c Electronic Resources
|s www_evans
|d Available Online
|t 0
|e 1986 Thesis K58
|h Other scheme
|
| 998 |
f |
f |
|a 1986 Thesis K58
|t 0
|l Available Online
|
| 998 |
f |
f |
|a 1986 Thesis K58
|t 0
|l Remote Storage
|